Vista normal Vista MARC

Entrada Topical Term

Número de registros utilizados en: 2

001 - CONTROL NUMBER

  • control field: 65405

003 - CONTROL NUMBER IDENTIFIER

  • control field: OSt

005 - DATE AND TIME OF LATEST TRANSACTION

  • control field: 20251007163135.0

008 - FIXED-LENGTH DATA ELEMENTS

  • fixed length control field: 251007|| aca||aabn | a|a d

040 ## - CATALOGING SOURCE

  • Original cataloging agency: OSt
  • Transcribing agency: OSt

150 ## - HEADING--TOPICAL TERM

  • Topical term or geographic name entry element: Revolución verde
  • Form subdivision: Literatura juvenil

670 ## - SOURCE DATA FOUND

  • Source citation: Work cat.: (OSt)59385: Becklake, Sue. 65403, Alimentación y agricultura /









Instituto Departamental de Cultura del Meta - Red Departamental de Bibliotecas Públicas del Meta.